00638nam a2200217Ia 4500001000700000003000500007005001700012008004100029010001100070020001800081040000900099082001400108100001700122245009100139260004700230300001100277500002500288503001400313650005500327650003800382dia_40CHAP20221202134609.0220117s1997 xx 000 0 und d a170473 a0-85199-210-2 cCHAP a634.6 M58 aMitra, S. K. aPostharvest physiology and storage of tropical and subtropical fruits /c S. K. Mitra aReino Unido :b Cabi International,c1997 a423 p. aMaterial fotocopiado aI. 203423 a1.Frutas tropicalesxFisiología en postcosecha  aFrutas tropicalesxAlmacenamiento